Zgadnij część serii Harry Potter po kadrze - Click Quiz - Statystyki

Ogólne statystyki
  • Ten quiz został rozwiązany 480 razy
  • Średni wynik to 5 z 8
Statystyki odpowiedzi
Hint Odpowiedź % Poprawnych
Harry Potter i Komnata Tajemnic
75%
Harry Potter i Kamień Filozoficzny
67%
Harry Potter i Insygnia Śmierci (II)
65%
Harry Potter i Czara Ognia
64%
Harry Potter i Książę Półkrwi
63%
Harry Potter i Więzień Azkabanu
61%
Harry Potter i Insygnia Śmierci (I)
55%
Harry Potter i Zakon Feniksa
54%
Nie znaleziono quizów pasujących do podanych kryteriów
Rozkład punktacji
Procent ludzi z każdym wynikiem
Percentyl według liczby udzielonych odpowiedzi
Twoja historia wyników
Nie rozwiązałeś tego quizu